01323nam a2200325Ia 4500001001200000003000800012006001900020007001500039008004100054010001700095020001800112020003600130040002100166035002100187050002300208082002100231100002900252245010300281260005900384300001600443504006400459533015200523600006900675650004100744650002300785655002900808710001700837856012600854999001700980ebr10278157CaPaEBRm u cr cn|||||||||000306s2000 nyu sb 001 0 eng d z 98037882  z9780195128468 z019512846X (cloth : alk. paper) aCaPaEBRcCaPaEBR a(OCoLC)25259934314aBM610b.S38 1999eb04a296.3/11/0922211 aSeeskin, Kenneth,d1947-10aSearching for a distant Godh[electronic resource] :bthe legacy of Maimonides /cKenneth Seeskin. aNew York ;aOxford :bOxford University Press,cc2000. axii, 252 p. aIncludes bibliographical references (p. 229-241) and index. aElectronic reproduction.bPalo Alto, Calif. :cebrary,d2011.nAvailable via World Wide Web.nAccess may be limited to ebrary affiliated libraries.10aMaimonides, Moses,d1135-1204xContributions in doctrine of God. 0aGod (Judaism)xHistory of doctrines. 0aJewish philosophy. 7aElectronic books.2local2 aebrary, Inc.40uhttp://site.ebrary.com/lib/rucke/Doc?id=10278157zAn electronic book accessible through the World Wide Web; click to view c19079d19079